[Event "6th Lost Boys tournament, Group A"]
[Site "Antwerp"]
[Date "1998.08.08"]
[Round "8"]
[White "Finkel, Alex"]
[Black "Reinderman, Dimitri"]
[Result "1/2-1/2"]
[WhiteElo "2455"]
[BlackElo "2540"]
[WhiteTitle "GM"]
[BlackTitle "GM"]
[Board "7"]
[Source "Official site"]

1. e4 e5 2. Nc3 Nf6 3. g3 Bc5 4. Bg2 O-O 5. Nf3 Nc6 6. O-O Re8 7. d3 a6 8. Be3
d6 9. h3 h6 10. Nh4 Nd4 11. Kh2 c6 12. Qd2 d5 13. exd5 cxd5 14. f4 exf4
15. Bxf4 Kh7 16. Rae1 Rxe1 17. Qxe1 Nxc2 18. Qc1 Nb4 19. a3 Nc6 20. Nxd5 Nxd5
21. Qxc5 Nxf4 22. Rxf4 Be6 23. Nf5 Qd7 24. Nd4 Nxd4 25. Rxd4 Rc8 26. Qb4 Qc7
27. Qxb7 Qxb7 28. Bxb7 Rc2+ 29. Kg1 Rxb2 30. Rb4 Ra2 31. Ra4 Bxh3 32. Rxa6 Bf5
33. d4 Rd2 34. a4 Rxd4 35. a5 Be4 36. Ra7 Bxb7 37. Rxb7 f5 38. a6 Ra4 39. a7
Ra2 40. Kf1 h5 41. Kg1 Kh6 42. Rc7 g6 43. Rb7 Kg5 44. Rg7 Kf6 45. Rh7 Kg5
46. Rg7 Kh6 47. Rf7 Kg5 1/2-1/2

[Event "6th Lost Boys tournament, Group A"]
[Site "Antwerp"]
[Date "1998.08.08"]
[Round "8"]
[White "Kogan, Arthur"]
[Black "Solleveld, Maarten"]
[Result "1-0"]
[WhiteElo "2485"]
[BlackElo "2295"]
[WhiteTitle "IM"]
[Board "9"]
[Source "Official site"]

1. Nf3 Nf6 2. c4 g6 3. Nc3 Bg7 4. d4 O-O 5. Bg5 c5 6. d5 d6 7. Nd2 h6 8. Bh4
g5 9. Bg3 Nh5 10. e3 Nxg3 11. hxg3 e6 12. Bd3 Nd7 13. dxe6 fxe6 14. Nde4 Ne5
15. Be2 Nf7 16. Bh5 Qb6 17. O-O Bd7 18. Bxf7+ Rxf7 19. Qxd6 Qxd6 20. Nxd6 Re7
21. Nxb7 Rb8 22. Nxc5 Rxb2 23. N3e4 Bc6 24. Rfc1 a5 25. a3 Re8 26. g4 Kh7
27. Rd1 Kg6 28. Ng3 Rc2 29. Rab1 Rxc4 30. Nb3 Rxg4 31. Nxa5 Bd5 32. Rb6 Kh7
33. e4 Bxe4 34. Rd7 Kh8 35. Rb4 Bf5 36. Nc6 Rc8 37. Nxf5 exf5 38. Rxg4 fxg4
39. Rd8+ Rxd8 40. Nxd8 Kg8 41. a4 Bd4 42. Kf1 h5 43. Nc6 Bc5 44. a5 h4 45. a6
h3 46. g3 h2 47. Kg2 Bxf2 48. Kxh2 1-0

[Event "6th Lost Boys tournament, Group A"]
[Site "Antwerp"]
[Date "1998.08.08"]
[Round "8"]
[White "Safin, Shukhrat"]
[Black "Giddins, Stephen"]
[Result "0-1"]
[WhiteElo "2500"]
[BlackElo "2350"]
[WhiteTitle "IM"]
[BlackTitle "FM"]
[Board "10"]
[Source "Official site"]

1. e4 e6 2. d3 d5 3. Qe2 Nf6 4. e5 Nfd7 5. Nf3 c5 6. g3 Nc6 7. Bg2 Be7 8. h4
b5 9. c3 a5 10. a4 bxa4 11. Rxa4 Qc7 12. Bf4 Rb8 13. O-O Qb6 14. Bc1 Ba6
15. Rd1 O-O 16. Ra1 Rfe8 17. Na3 Bd8 18. Rb1 a4 19. Bf4 Qa7 20. h5 Bc7 21. Qe3
Rb3 22. Nd2 Rbb8 23. Ndc4 Ne7 24. Nd6 Bxd6 25. exd6 Nf5 26. Qe2 Qb6 27. Qc2 Ra8
28. h6 Nxd6 29. hxg7 Nf5 30. Qxa4 Bxd3 31. Qxd7 Re7 32. Qxe7 Nxe7 33. Rxd3 Rxa3
34. Be5 Rb3 35. Ra1 Qb7 36. Rdd1 f6 37. Bxf6 Kf7 38. Be5 Ng6 39. Bd6 Qb6
40. Ra8 Kxg7 41. Rb8 Qxb8 42. Bxb8 Rxb8 43. Rd2 Ne5 44. Re2 Kf6 45. Bh3 Rb6
46. f4 Nd3 47. Bg4 c4 48. Rh2 Rxb2 49. Rxh7 d4 50. cxd4 c3 51. Bh5 Kf5 52. Rf7+
Ke4 0-1

[Event "6th Lost Boys tournament, Group A"]
[Site "Antwerp"]
[Date "1998.08.08"]
[Round "8"]
[White "van Haastert, Edwin"]
[Black "Zoler, Dan"]
[Result "0-1"]
[WhiteElo "2345"]
[BlackElo "2500"]
[WhiteTitle "FM"]
[BlackTitle "IM"]
[Board "11"]
[Source "Official site"]

1. e4 c5 2. Nf3 d6 3. d4 cxd4 4. Nxd4 Nf6 5. Nc3 a6 6. f4 e6 7. Qf3 Qc7 8. g4
b5 9. g5 Nfd7 10. a3 Nc6 11. Nxc6 Qxc6 12. Bd3 Bb7 13. Bd2 Be7 14. h4 Nb6
15. O-O-O Nc4 16. Bxc4 Qxc4 17. Kb1 a5 18. Qd3 Qxd3 19. cxd3 b4 20. Nb5 Kd7
21. Rh3 d5 22. e5 Bc6 23. Nd6 bxa3 24. bxa3 Rhb8+ 25. Ka2 Bxd6 26. exd6 d4
27. Rb1 Bd5+ 28. Ka1 Rxb1+ 29. Kxb1 Rb8+ 30. Kc2 Rb5 31. h5 Kxd6 32. g6 fxg6
33. h6 Bb3+ 34. Kc1 gxh6 35. Rxh6 Rc5+ 36. Kb2 Bd1 37. Be1 Rc2+ 38. Kb1 Rc7
39. Bxa5 Rf7 40. Rh4 h5 41. Kc1 Bg4 42. Bd2 Rc7+ 43. Kb1 Bf5 44. Rh2 Bxd3+
45. Ka1 Kd5 46. Rh1 Rc2 0-1

[Event "6th Lost Boys tournament, Group A"]
[Site "Antwerp"]
[Date "1998.08.08"]
[Round "8"]
[White "Mariasin, Boris"]
[Black "Röder, Matthias"]
[Result "1/2-1/2"]
[WhiteElo "2380"]
[BlackElo "2445"]
[BlackTitle "IM"]
[Board "12"]
[Source "Official site"]

1. e4 c5 2. Nf3 d6 3. d4 cxd4 4. Nxd4 Nf6 5. Nc3 a6 6. f4 e5 7. Nf3 Nbd7
8. Bd3 Be7 9. O-O O-O 10. Qe1 Re8 11. Kh1 b5 12. fxe5 dxe5 13. a4 b4 14. Nd5
Nxd5 15. exd5 Nc5 16. Bc4 Bd6 17. c3 a5 18. cxb4 axb4 19. Bd2 Rxa4 20. Rxa4
Nxa4 21. Ng5 f6 22. Ne4 Nb6 23. Nxd6 Qxd6 24. Bxb4 Qd7 25. Bb3 Ba6 26. d6+ Kh8
27. Rf3 Bb7 28. Rg3 Nd5 29. Bxd5 Bxd5 30. Qd2 Rc8 31. h3 Be4 32. Qe2 f5 33. Rc3
Rxc3 34. bxc3 Qa4 35. Qd2 Qd7 36. c4 f4 37. Kh2 Bc6 38. Qf2 h6 39. Qc5 Qe8
40. Bc3 e4 41. Qd4 Qf7 42. c5 f3 43. Be1 fxg2 44. Qf2 Qxf2 45. Bxf2 g5 46. Bd4+
Kh7 47. Kxg2 Kg6 48. Kf2 Kf5 49. Ke3 h5 50. Bc3 h4 51. Be1 Ke5 52. Bc3+ Kd5
53. Bf6 Kxc5 54. Bxg5 Kxd6 55. Bxh4 Bd7 56. Kxe4 Kc6 1/2-1/2

[Event "6th Lost Boys tournament, Group A"]
[Site "Antwerp"]
[Date "1998.08.08"]
[Round "8"]
[White "Seul, Georg"]
[Black "Gommers, Ralf"]
[Result "1-0"]
[WhiteElo "2445"]
[BlackElo "2325"]
[WhiteTitle "IM"]
[Board "13"]
[Source "Official site"]

1. e4 c5 2. d3 Nc6 3. f4 g6 4. Nf3 Bg7 5. Be2 d6 6. O-O Nf6 7. Qe1 Bg4 8. Qh4
Bxf3 9. Bxf3 Nd4 10. Bd1 Qb6 11. c3 Nc6 12. Nd2 Qa6 13. Bc2 b5 14. Nf3 b4
15. e5 bxc3 16. bxc3 Nd5 17. Bd2 Rb8 18. exd6 Rb2 19. Bb3 Nxc3 20. Bxf7+ Kxf7
21. Ne5+ Bxe5 22. fxe5+ Ke8 23. Bxc3 Rc2 24. Rab1 Rxc3 25. Rb8+ Kd7 26. Qg4+
1-0

[Event "6th Lost Boys tournament, Group A"]
[Site "Antwerp"]
[Date "1998.08.08"]
[Round "8"]
[White "van Blitterswijk, Stefan"]
[Black "Peng, Zhaoqin"]
[Result "1/2-1/2"]
[WhiteElo "2320"]
[BlackElo "2425"]
[WhiteTitle "FM"]
[BlackTitle "WGM"]
[Board "14"]
[Source "Official site"]

1. e4 c5 2. Nf3 d6 3. d4 cxd4 4. Nxd4 Nf6 5. Nc3 a6 6. f4 e5 7. Nf3 Nbd7 8. a4
Be7 9. Bd3 O-O 10. O-O exf4 11. Kh1 Ne5 12. Bxf4 Qc7 13. Qe1 Be6 14. Nd4 Rac8
15. Bd2 Qb6 16. Nf5 Bxf5 17. Rxf5 Rfe8 18. Rb1 Bd8 19. Qg3 Re6 20. Nd5 Qc6
21. Bc3 Nxd5 22. Bxe5 dxe5 23. exd5 Qxd5 24. Rbf1 Rc7 25. b3 Qd6 26. Bc4 Rf6
27. Qxe5 Qxe5 28. Rxe5 Rxf1+ 29. Bxf1 Kf8 30. Bd3 g6 31. g3 h5 32. Kg2 h4
33. Kh3 hxg3 34. hxg3 Be7 35. Re3 Rc5 36. Re4 a5 37. g4 b6 38. Rf4 Rg5 39. Bc4
f6 40. Bd3 1/2-1/2

[Event "6th Lost Boys tournament, Group A"]
[Site "Antwerp"]
[Date "1998.08.08"]
[Round "8"]
[White "Van Herck, Marcel"]
[Black "Vestby, Jan Vidar"]
[Result "1-0"]
[WhiteElo "2215"]
[BlackElo "2140"]
[Board "52"]
[Soruce "Personal correspondence"]

1. e4 e6 2. d4 d5 3. Nc3 Bb4 4. Ne2 dxe4 5. a3 Be7 6. Nxe4 Nd7 7. g3 Ngf6
8. Bg2 Nxe4 9. Bxe4 Nf6 10. Bg2 c5 11. c4 Qb6 12. O-O cxd4 13. Nxd4 O-O 14. Nf3
Nd7 15. b4 Bf6 16. Rb1 a5 17. Be3 Qc7 18. Qb3 axb4 19. axb4 Nb6 20. Rfc1 Bd7
21. Bd4 e5 22. Bxb6 Qxb6 23. Nd2 Bg5 24. Qc3 Rad8 25. Rc2 Bf5 26. Ne4 Qg6
27. Re2 Rd4 28. Rbe1 Be7 29. Nc5 Bxc5 30. bxc5 Bd3 31. Rxe5 Rxc4 32. Qb3 Rc2
33. R5e3 Ba6 34. Be4 1-0

[Event "6th Lost Boys tournament, Group A"]
[Site "Antwerp"]
[Date "1998.08.09"]
[Round "9"]
[White "van den Doel, Erik"]
[Black "van Wely, Loek"]
[Result "0-1"]
[WhiteElo "2480"]
[BlackElo "2635"]
[WhiteTitle "IM"]
[BlackTitle "GM"]
[Board "5"]
[Source "Official site"]

1. e4 c5 2. Nf3 d6 3. d4 cxd4 4. Nxd4 Nf6 5. Nc3 a6 6. Be3 e5 7. Nb3 Be6
8. Qd2 Nbd7 9. f3 Be7 10. g4 h6 11. O-O-O b5 12. Kb1 Nb6 13. Qf2 Nfd7 14. h4
Qc7 15. Nd5 Bxd5 16. exd5 Nc4 17. Bc1 Qb6 18. Qe1 a5 19. Bxc4 bxc4 20. Nd2 Rc8
21. Ne4 h5 22. g5 O-O 23. Bd2 Rb8 24. Bc3 Qb7 25. f4 exf4 26. Qf2 f5 27. Qd4
Ne5 28. Nc5 Qa7 29. Ne6 Qxd4 30. Rxd4 Rfc8 31. Nxf4 g6 32. Rd2 Kf7 33. Re2 a4
34. a3 Rb5 35. Rd1 Bd8 36. Kc1 Ba5 37. Bxa5 Rxa5 38. c3 Rb5 39. Rd4 Rcb8
40. Rd1 R5b7 41. Kb1 Re8 42. Rde1 Rbe7 43. Rd1 Nf3 44. Ne6 Rxe6 45. dxe6+ Rxe6
46. Rf2 Re1 47. Rxe1 Nxe1 48. b4 axb3 49. a4 Nd3 50. Re2 f4 51. a5 f3 52. Re3
Ne5 53. Re4 Ke6 54. a6 Kf5 55. Rd4 Nd3 56. Rxd6 Kg4 57. Rf6 Nf4 58. Rd6 f2
59. Rd1 Nd5 60. Kc1 Kxh4 61. Kd2 Kg3 62. a7 Nc7 63. Ke2 h4 64. Rf1 b2 65. Rb1
h3 66. Rh1 h2 67. Rf1 Na8 68. Ke3 h1=Q 69. Rxh1 Kg2 0-1

[Event "6th Lost Boys tournament, Group A"]
[Site "Antwerp"]
[Date "1998.08.09"]
[Round "9"]
[White "Avrukh, Boris Leonidovich"]
[Black "Seul, Georg"]
[Result "1-0"]
[WhiteElo "2565"]
[BlackElo "2445"]
[WhiteTitle "GM"]
[BlackTitle "IM"]
[Board "7"]
[Source "Official site"]

1. e4 d6 2. d4 g6 3. c4 e5 4. Nf3 Bg7 5. Nc3 exd4 6. Nxd4 Nc6 7. Be3 Nge7
8. Be2 O-O 9. g4 f5 10. Nxc6 Nxc6 11. gxf5 gxf5 12. Qd2 Kh8 13. Rg1 Be6
14. O-O-O Qf6 15. exf5 Qxf5 16. Rg5 Qf7 17. Rdg1 Rg8 18. Rh5 Bf5 19. Nd5 Be4
20. Rh4 Bxd5 21. cxd5 Ne5 22. Rg3 Bf6 23. Rf4 Qe7 24. Rxf6 Qxf6 25. f4 Rxg3
26. hxg3 1-0

[Event "6th Lost Boys tournament, Group A"]
[Site "Antwerp"]
[Date "1998.08.09"]
[Round "9"]
[White "Giddins, Stephen"]
[Black "Reinderman, Dimitri"]
[Result "0-1"]
[WhiteElo "2350"]
[BlackElo "2540"]
[WhiteTitle "FM"]
[BlackTitle "GM"]
[Board "8"]
[Source "Official site"]

1. Nf3 f5 2. g3 Nf6 3. Bg2 g6 4. O-O Bg7 5. d4 O-O 6. b4 d6 7. Bb2 Qe8 8. Nbd2
Nc6 9. b5 Nd8 10. c4 Nf7 11. a4 Kh8 12. Re1 e5 13. dxe5 dxe5 14. e4 f4 15. c5
Nh5 16. Nc4 Bg4 17. Qb3 Bxf3 18. Bxf3 Ng5 19. g4 Nf6 20. Bxe5 Qe6 21. Rac1 Nxg4
22. Bxg7+ Kxg7 23. Qc3+ Kh6 24. Bxg4 Qxg4+ 25. Kh1 Nh3 26. Rc2 f3 27. Ne3 Qg5
28. Qd2 Rad8 29. Ng4+ Kh5 30. Qxg5+ Kxg5 31. Ne5 Kf4 32. Nc4 Rd4 33. Ne3 Re8
0-1

[Event "6th Lost Boys tournament, Group A"]
[Site "Antwerp"]
[Date "1998.08.09"]
[Round "9"]
[White "Zoler, Dan"]
[Black "Finkel, Alex"]
[Result "1-0"]
[WhiteElo "2500"]
[BlackElo "2455"]
[WhiteTitle "IM"]
[BlackTitle "GM"]
[Board "9"]
[Source "Official site"]

1. b3 e5 2. Bb2 Nc6 3. c4 d6 4. Nc3 f5 5. g3 g6 6. Bg2 Bg7 7. e3 Nf6 8. Nge2
O-O 9. O-O Rb8 10. d3 Bd7 11. Qd2 h6 12. Nd5 Nxd5 13. cxd5 Ne7 14. e4 c6 15. d4
cxd5 16. dxe5 dxe4 17. Qxd6 Bb5 18. Qe6+ Kh7 19. Rfd1 Qe8 20. Nf4 g5 21. Nh5
Qxh5 22. Qxe7 Qe8 23. Qd6 Bc6 24. Rac1 Rd8 25. Qc5 a6 26. Bf1 Rxd1 27. Rxd1 f4
28. g4 Qc8 29. h3 Rd8 30. Rc1 h5 31. Qe7 e3 32. Qxg5 exf2+ 33. Kh2 hxg4
34. Qh5+ Bh6 35. Qf7+ Bg7 36. Qh5+ Bh6 37. hxg4 Qe6 38. g5 Rg8 39. gxh6 Qd5
40. Qf5+ Rg6 41. Rxc6 Qxc6 42. Qf7+ Kxh6 43. Qxf4+ 1-0

[Event "6th Lost Boys tournament, Group A"]
[Site "Antwerp"]
[Date "1998.08.09"]
[Round "9"]
[White "Mariasin, Boris"]
[Black "Mikhalevski, Victor"]
[Result "0-1"]
[WhiteElo "2380"]
[BlackElo "2540"]
[BlackTitle "IM"]
[Board "11"]
[Source "Official site"]

1. e4 e5 2. Bc4 Nc6 3. Nc3 Bc5 4. d3 Nf6 5. a3 Nd4 6. Nf3 d6 7. Na4 Bg4
8. Nxc5 dxc5 9. c3 Nxf3+ 10. gxf3 Bh5 11. Rg1 Qd7 12. Be3 O-O-O 13. Qb3 Bxf3
14. Rg3 Bh5 15. Bxc5 c6 16. a4 b6 17. Ba6+ Kc7 18. Be3 Ng4 19. d4 Nxe3 20. fxe3
Qe7 21. Bd3 a5 22. Kd2 Qh4 23. Rag1 Qxh2+ 24. R3g2 Qh4 25. Qc4 Bg6 26. d5 Qf6
27. Rf1 Qd6 28. Rxg6 Qxg6 29. Qa6 Ra8 30. Rxf7+ Qxf7 31. d6+ Kxd6 32. Qxb6 Rhb8
0-1

[Event "6th Lost Boys tournament, Group A"]
[Site "Antwerp"]
[Date "1998.08.09"]
[Round "9"]
[White "David, Alberto"]
[Black "Ernst, Sipke"]
[Result "1-0"]
[WhiteElo "2520"]
[BlackElo "2420"]
[WhiteTitle "GM"]
[Board "12"]
[Source "Official site"]

1. e4 e5 2. Nf3 Nc6 3. Bb5 a6 4. Ba4 Nf6 5. Qe2 b5 6. Bb3 Be7 7. O-O d6 8. c3
Na5 9. Bc2 c5 10. d4 Qc7 11. dxe5 dxe5 12. Re1 O-O 13. Nbd2 Be6 14. h3 Rad8
15. Ng5 Bd7 16. Nf1 h6 17. Nf3 Be6 18. Ne3 Rfe8 19. Nh2 Nc4 20. Nf5 Bxf5
21. exf5 e4 22. Ng4 Nxg4 23. Qxg4 e3 24. Bxe3 Nxe3 25. Rxe3 Bg5 26. Rxe8+ Rxe8
27. Rd1 Qe5 28. Bd3 c4 29. Bf1 Rd8 30. Rxd8+ Bxd8 31. Qf3 Bc7 32. g3 Kh7 33. h4
Qd6 34. Bh3 Bd8 35. Bg4 Qd7 36. Qe4 Bf6 37. Bh5 Kg8 38. Qa8+ Kh7 39. Qxa6 Qxf5
40. Bxf7 Qb1+ 41. Kg2 Qe4+ 42. Kh2 Bxh4 43. Qc8 Bxg3+ 44. Kxg3 Qe5+ 45. Kh3 1-0

[Event "6th Lost Boys tournament, Group A"]
[Site "Antwerp"]
[Date "1998.08.09"]
[Round "9"]
[White "van de Oudeweetering, Arthur"]
[Black "Vakhidov, Tahir"]
[Result "1-0"]
[WhiteElo "2360"]
[BlackElo "2455"]
[WhiteTitle "FM"]
[BlackTitle "IM"]
[Board "13"]
[Source "Official site"]

1. e4 e6 2. d4 d5 3. Nc3 Bb4 4. e5 c5 5. a3 Ba5 6. Qg4 Ne7 7. dxc5 d4 8. b4
dxc3 9. bxa5 O-O 10. Nf3 Ng6 11. Bd3 Nd7 12. Bxg6 fxg6 13. Qxe6+ Kh8 14. Ng5 h6
15. Nf7+ Rxf7 16. Qxf7 Nxe5 17. Qf4 Qd5 18. O-O Bd7 19. Be3 Bc6 20. f3 Nc4
21. Rad1 Nd2 22. Bxd2 cxd2 23. Qd6 Rd8 24. Qxd5 Rxd5 25. Rf2 a6 26. Rfxd2 Rxc5
27. h4 Kh7 28. Rd8 h5 29. Rf8 g5 30. hxg5 Rxg5 31. Re1 Rxa5 32. Re7 Rxa3
33. Rff7 Kg6 34. Rxg7+ Kf6 35. Rh7 Ra5 36. Ref7+ Kg6 37. Rhg7+ Kh6 38. f4 Be4
39. c3 Rc5 40. Rg3 a5 41. Re7 Bc6 42. Rge3 Kg6 43. R3e6+ Kf5 44. Re5+ Rxe5
45. Rxe5+ Kxf4 46. Rxa5 h4 47. Rh5 Kg3 48. Rh7 Be4 49. Rg7+ Kf4 50. Kf2 Bd5
51. Rh7 Kg4 52. Rd7 Be4 53. Rd4 Kf4 54. Kg1 Ke3 55. Kh2 b5 56. Kh3 Bc6 57. Rd6
Be4 58. Re6 Kd3 59. Re5 Bc6 60. Rc5 1-0

[Event "6th Lost Boys tournament, Group A"]
[Site "Antwerp"]
[Date "1998.08.09"]
[Round "9"]
[White "Röder, Matthias"]
[Black "de Vreugt, Dennis"]
[Result "1/2-1/2"]
[WhiteElo "2445"]
[BlackElo "2350"]
[WhiteTitle "IM"]
[Board "14"]
[Source "Official site"]

1. Nf3 Nf6 2. g3 d5 3. Bg2 g6 4. c4 d4 5. b4 a5 6. b5 Bg7 7. Bb2 c5 8. e3 O-O
9. exd4 Ne8 10. d3 Nc7 11. Qe2 cxd4 12. a4 Nd7 13. Ba3 Ne6 14. O-O Ndc5 15. Qc2
Rb8 16. Re1 Qc7 17. Nbd2 b6 18. Ne4 Nxe4 19. Rxe4 Bb7 20. Rxe6 fxe6 21. Ng5
Bxg2 22. Kxg2 Qd7 23. Qe2 e5 24. Ne4 Bf6 25. Rc1 Kg7 26. c5 bxc5 27. Rc4 e6
28. Bc1 Be7 29. Bd2 Ra8 30. Qe1 Qc7 31. Qc1 Rfc8 32. Bh6+ Kg8 33. h4 Qd8
34. Qd1 Ra7 35. Qg4 Kf7 36. h5 Qd5 37. Bg5 Kg7 38. Bd2 Rf8 39. Qh3 Rh8 40. Qg4
Rf8 41. Qh3 Rh8 42. Qh1 h6 43. hxg6 h5 44. Qc1 Kxg6 45. Bg5 Bf8 46. Bf6 Bh6
47. Qh1 Rc8 48. Qh4 Rf7 49. Bg5 Bg7 50. Be7 Rf5 51. f3 Rh8 52. g4 hxg4
53. Qxg4+ Kh7 54. Kf1 Qb7 55. Bg5 Rhf8 56. Ke2 Rxf3 57. Qxf3 Rxf3 58. Kxf3 Qf7+
59. Ke2 Qh5+ 60. Kd2 Qh2+ 61. Kd1 Qa2 62. Bd2 1/2-1/2

[Event "6th Lost Boys tournament, Group A"]
[Site "Antwerp"]
[Date "1998.08.09"]
[Round "9"]
[White "Donk, Merlijn Silvester"]
[Black "Van Herck, Marcel"]
[Result "1-0"]
[WhiteTitle "FM"]
[WhiteElo "2355"]
[BlackElo "2215"]
[Board "36"]
[Source "Personal correspondence"]

1. d4 Nf6 2. c4 e6 3. Nc3 Bb4 4. e3 Nc6 5. Ne2 d5 6. cxd5 exd5 7. a3 Bf8
8. Nf4 Ne7 9. Qb3 c6 10. e4 dxe4 11. Bc4 Ned5 12. Nfxd5 cxd5 13. Nxd5 Bd6
14. Bg5 Qa5+ 15. Bd2 Qd8 16. Bb5+ Kf8 17. Ne3 a6 18. Bc4 Qe7 19. a4 g6 20. Nd5
Nxd5 21. Bh6+ Ke8 22. Bxd5 Bb4+ 23. Kf1 a5 24. Rc1 Bf5 25. Bg7 Rg8 26. Be5 Rd8
27. Rc7 Rd7 28. Rc8+ Rd8 29. Bxf7+ 1-0